000 00570nam a2200205Ia 4500
001 17390
003 GE_BSU
008 181216s||||||||xx |||||||||||||| ||und||
040 _cGE_BSU
080 _a821.353.1-32
100 _aლომაძე,გია
245 _aკაცი გალავანზე
245 _bმოთხრობები
260 _aქუთაისი
260 _bსაბჭ.საქართველო
260 _c1983
300 _a301გვ. ; 16სმ.
653 _aმოთხრობები
942 _cBK
999 _c50445
_d50445